|
|
|
|
| LEADER |
00000cam a2200000 a 4500 |
| 001 |
vtls010658289 |
| 003 |
SK-MaSNL |
| 005 |
20260302051313.0 |
| 008 |
201022s2014 xo a a 000 f slo |
| 015 |
|
|
|a SNBA2015/04
|
| 020 |
|
|
|a 9788081240607 (brož.)
|
| 040 |
|
|
|a SNK
|b slo
|c SNK
|e AACR2
|
| 041 |
0 |
|
|a slo
|
| 044 |
|
|
|a xo
|c SK
|
| 072 |
|
7 |
|a 821-93
|x Literatúra pre deti a mládež (beletria)
|2 konspekt
|
| 072 |
|
7 |
|a 821.162.4-3
|x Slovenská próza
|2 konspekt
|
| 080 |
|
|
|a 821-93
|2 2001
|
| 080 |
|
|
|a (0.025.2)
|2 2001
|
| 080 |
|
|
|a 821.162.4-34
|2 2001
|
| 100 |
1 |
|
|a Rázusová-Martáková, Mária,
|d 1905-1964
|4 aut
|9 17404
|
| 245 |
1 |
0 |
|a O medovníkovom domčeku
|c [Mária Rázusová-Martáková ; ilustrácie: Květoslava Fulierová]
|
| 260 |
|
|
|a [Bratislava]
|b Buvik
|c 2014
|
| 300 |
|
|
|a 19 s.
|b fareb. ilustr.
|c 18 cm
|
| 500 |
|
|
|a Miesto vyd. podľa ISBN
|
| 500 |
|
|
|a Názov z obalu
|
| 655 |
|
7 |
|a publikácie pre deti
|2 SNKPH
|9 70148
|
| 655 |
|
7 |
|a ilustrované publikácie
|2 SNKPH
|9 109406
|
| 655 |
|
7 |
|a Children's publications
|2 SNKPHeng
|9 329368
|
| 655 |
|
7 |
|a Illustrated publications
|2 SNKPHeng
|9 289635
|
| 655 |
|
7 |
|a slovenské rozprávky
|2 SNKPH
|9 70528
|
| 655 |
|
7 |
|a Slovak fairy tales
|2 SNKPHeng
|9 292250
|
| 700 |
1 |
|
|a Fulierová, Květoslava,
|d 1932-
|4 ill
|9 122639
|
| 852 |
|
|
|a Štátna vedecká knižnica v Banskej Bystrici
|
| 919 |
|
|
|a 978-80-8124-060-7
|
| 958 |
|
|
|a LX
|
| 958 |
|
|
|a DB
|
| 999 |
|
|
|c 1100721
|d 1102651
|
| 952 |
|
|
|a SNK
|b SNK
|y PREZ
|7 0
|p 17A1140359
|o snkSD 84065
|i snk2015/8856
|8 0
|0 0
|1 0
|4 0
|d 2015-03-12
|l 0
|r 2017-06-30 00:00:00
|w 2026-02-24
|
| 952 |
|
|
|a SNK
|b SNK
|y VYP
|7 0
|p 17A1140360
|o snkSD 84065 D1
|i snk2015/8857
|8 0
|0 0
|1 0
|4 0
|d 2015-03-12
|l 0
|r 2017-06-30 00:00:00
|w 2026-02-24
|